Statistics for Westjet Destinations

Click here to take the quiz!

General Stats

  • This quiz has been taken 17 times
  • The average score is 63 of 118

Answer Stats

HintAnswer% Correct
ATLAtlanta
100%
BOSBoston
100%
YYCCalgary
100%
DFWDallas
100%
DENDenver
100%
LASLas Vegas
100%
LGW | YXULondon
100%
LAXLos Angeles
100%
YULMontreal
100%
JFK | LGANew York
100%
CDGParis
100%
SFOSan Francisco
100%
YYZToronto
100%
YVRVancouver
100%
YWGWinnipeg
100%
AUSAustin
92%
CUNCancun
92%
ORDChicago
92%
YEGEdmonton
92%
SANSan Diego
92%
DUBDublin
85%
YHZHalifax
85%
IAHHouston
85%
MEXMexico City
85%
YOWOttawa
85%
PHXPhoenix
85%
YQBQuebec City
85%
YQRRegina
85%
SJOSan Jose
85%
BCNBarcelona
77%
FLLFort Lauderdale
77%
HNLHonolulu
77%
MIAMiami
77%
BNANashville
77%
MCOOrlando
77%
FCORome
77%
YYTSt Johns
77%
TPATampa
77%
YYJVictoria
77%
YXYWhitehorse
77%
YZFYellowknife
77%
MANManchester
69%
YQTThunder Bay
69%
CZMCozumel
62%
KINKingston
62%
KOAKona
62%
NASNassau
62%
PVRPuerto Vallarta
62%
YXESaskatoon
62%
ANUAntigua
54%
AUAAruba
54%
BGIBridgetown
54%
CURCuracao
54%
RSWFort Myers
54%
GLAGlasgow
54%
YHMHamilton
54%
YLWKelowna
54%
LIHLihue
54%
MBJMontego Bay
54%
PUJPunta Cana
54%
SJUSan Juan
54%
YQGWindsor
54%
YYGCharlottetown
46%
MZTMazatlan
46%
YQMMoncton
46%
MYRMyrtle Beach
46%
PSPPalm Springs
46%
YXSPrince George
46%
YXXAbbotsford
38%
BZEBelize
38%
SJDCabo San Lucas
38%
YFCFredericton
38%
LIRLiberia
38%
SNAOrange County
38%
POSPort of Spain
38%
POPPuerto Plata
38%
UVFSt Lucia
38%
SXMSt Martin
38%
YBRBrandon
31%
YMMFort McMurray
31%
YKAKamloops
31%
OGGMaui
31%
YXHMedicine Hat
31%
SRQSarasota
31%
YQYSydney
31%
BDABermuda
23%
YXCCranbrook
23%
FPOFreeport
23%
YQXGander
23%
ZIHIxtapa
23%
YKFKitchener
23%
YQLLethbridge
23%
YCDNanaimo
23%
PLSProvidenciales
23%
YSBSudbury
23%
VRAVaradero
23%
PBIWest Palm Beach
23%
CCCCayo Coco
15%
YXJFort St John
15%
GCMGrand Cayman
15%
YQUGrand Prairie
15%
AZAMesa
15%
YQQComox
8%
YDFDeer Lake
8%
MIDMerida
8%
YYFPenticton
8%
SNUSanta Clara
8%
HOGHolguim
0%
HUXHualtuco
0%
LRMLa Romana
0%
YLLLloydminster
0%
LTOLoreto
0%
ZLOManzanillo
0%
RTBRoatan
0%
AZSSamana
0%
YXTTerrace
0%

Score Distribution

Percentile by Number Answered

Percent of People with Each Score

Your Score History

You have not taken this quiz